000 00358nam a2200133Ia 4500
008 240624s9999 xx 000 0 und d
041 _aeng
082 _a006.3 NIL
100 _aNILSSON NILS J
245 _aPRINCIPLES OF ARTIFICIAL INTELLIGENCE
260 _c1980
_aNew Delhi
_bNarosa Publishing House
300 _ax, : 476 : p. : cm. ; 22
365 _cRS
_b25
999 _c4337
_d4337